Quizzes
Events
Quiz Creation
Community
Videos
Private Events
Remove Ads
Sign In
Join for FREE
Feedback
Dark Mode
Quiz Categories
Sports
Geography
Music
Movies
Television
Just For Fun
Miscellaneous
History
Literature
Language
Science
Gaming
Entertainment
Religion
Holiday
For Kids
Quiz Lab
Recent
Popular Today
Quiz Kudos Today
Editor Picks
Curator Picks
Quizzes by...
Day
Popularity
Type
Ratings
Length
Year
Community
Subscriptions
Recent Discussions
Orange Saloon
Badges
Playlists
Quests
Create
Leaderboards
Showdown
Live 5
Trivia Bingo
Activity
Puzzle Library
Sporcle Events
Private Events
Virtual Trivia
Globe League
Become a Host
Pub Owners
SporcleCon
Opinionation
Our Games
Videos
Blog
Mobile Apps
Partnerships
Remove Ads and Go Orange
Feedback
Music
Pop Music
The Beatles
Song
Album
Lyrics
Bands
Singers
Artist
Clip
Rock
Rap
Classical
Billboard
Country Music
Kpop
Taylor Swift
Music
Pop Music
The Beatles
Song
Album
Lyrics
Bands
Singers
Artist
Clip
Rock
Rap
Classical
Billboard
Country Music
Kpop
Taylor Swift
Random Quiz
Search Sporcle
×
Quiz Lab
Quiz Lab
Music
Lyrics
Type in answers that appear in a list
Type in answers that appear in a list
Classic
Best Score? Go Orange.
'Problem' Lyrics- Ariana Grande Stats
Can you name the 'Problem' Lyrics- Ariana Grande
By
Slaylor13
12m
293 Questions
3,707 Plays
3,707 Plays
3,707 Plays
Comments
Comments
Give Quiz Kudos
Give Quiz Kudos
-
- Ratings
hide this ad
More Info
Replay
Link that replays current quiz
Next Quiz
Link to next quiz in quiz playlist
You Got
0%
They Got
Avg Score
70%
Avg Friend Score
Upgrade to see
Score Distribution
Jump to the score distribution portion of the page
Score
0/293
Timer
12:00
0
Plays Today
Answer
% Correct
You
94.3%
You
94.3%
You
94.3%
You
94.3%
You
94.3%
You
94.3%
You
94.3%
You
94.3%
You
94.3%
You
94.3%
You
94.3%
You
94.3%
You
94.3%
You
94.3%
You
94.3%
You
94.3%
You
94.3%
You
94.3%
You
94.3%
You
94.3%
You
94.3%
You
94.3%
You
94.3%
You
94.3%
You
94.3%
You
94.3%
Problem
90.5%
Problem
90.5%
Problem
90.5%
Problem
90.5%
Problem
90.5%
Problem
90.5%
On
90%
Got
89.8%
Got
89.8%
Got
89.8%
Got
89.8%
Got
89.8%
Got
89.8%
Got
89.8%
One
88.3%
One
88.3%
One
88.3%
One
88.3%
One
88.3%
One
88.3%
One
88.3%
One
88.3%
One
88.3%
One
88.3%
Less
87.5%
Less
87.5%
Less
87.5%
Less
87.5%
Less
87.5%
Less
87.5%
Less
87.5%
Less
87.5%
Less
87.5%
Baby
86.8%
Baby
86.8%
Baby
86.8%
Want
85.1%
Want
85.1%
Want
85.1%
Want
85.1%
Want
85.1%
Want
85.1%
Want
85.1%
Ya
85%
Ya
85%
Ya
85%
Ya
85%
Ya
85%
Without
84.2%
Without
84.2%
Without
84.2%
Without
84.2%
Love
84%
Love
84%
Love
84%
Love
84%
And
83.6%
And
83.6%
And
83.6%
And
83.6%
I
83.4%
I
83.4%
I
83.4%
I
83.4%
I
83.4%
I
83.4%
I
83.4%
I
83.4%
I
83.4%
I
83.4%
I
83.4%
I
83.4%
Answer
% Correct
I
83.4%
I
83.4%
I
83.4%
I
83.4%
I
83.4%
I
83.4%
I
83.4%
I
83.4%
I
83.4%
I
83.4%
I
83.4%
I
83.4%
I
83.4%
I
83.4%
I
83.4%
I
83.4%
The
83.3%
The
83.3%
The
83.3%
In
82.9%
In
82.9%
Even
82.9%
Even
82.9%
Even
82.9%
Be
82.3%
Be
82.3%
Be
82.3%
Be
82.3%
Be
82.3%
Be
82.3%
Should
82.2%
My
82.2%
My
82.2%
My
82.2%
Though
82.1%
Though
82.1%
Though
82.1%
No
81.5%
No
81.5%
No
81.5%
Hate
79.9%
Head
79.7%
To
78.2%
To
78.2%
To
78.2%
To
78.2%
Clouds
77.9%
That
77.4%
That
77.4%
For
76.3%
It
75.7%
It
75.7%
It
75.7%
It
75.7%
Me
75.7%
Me
75.7%
Me
75.7%
Me
75.7%
Me
75.7%
Weight
75.6%
Hey
75.4%
Really
75%
Really
75%
Really
75%
Shoulders
74.3%
I've
74.2%
Can't
74%
Can't
74%
Can't
74%
Wanna
73.6%
Wiser
70.3%
But
70%
But
70%
But
70%
But
70%
But
70%
Iggy
67.6%
Iggy
67.6%
Iggy
67.6%
Realize
66.3%
Know
65.5%
Know
65.5%
Know
65.5%
Have
65%
Tell
64.1%
Tell
64.1%
Say
64%
Time
63.9%
Time
63.9%
Why
63%
Leave
62.3%
What
61.4%
What
61.4%
What
61.4%
Is
60.7%
Is
60.7%
Gotta
60.5%
Gotta
60.5%
Answer
% Correct
It's
60.5%
It's
60.5%
It's
60.5%
It's
60.5%
Your
59.6%
Of
59.6%
Forgive
59.2%
Back
57.2%
Back
57.2%
Back
57.2%
Shouldn't
57%
Shouldn't
57%
Shouldn't
57%
I'll
56.9%
I'll
56.9%
Let
56.2%
Let
56.2%
Let
56.2%
Give
55%
Better
54.8%
Get
54.5%
All
54%
Ever
53.9%
Money
53.3%
When
52.8%
About
52.7%
99
52.7%
Off
52.5%
Like
52.2%
Cause
51.9%
Won't
51.7%
Up
51.6%
Up
51.6%
Sayin
51.5%
Ain't
51.3%
Life
51.2%
You're
50.8%
Around
50.8%
You're
50.8%
Forgettin
50.7%
More
50.6%
Now
50%
Ta
49.1%
Problems
49.1%
Every
49%
I'm
48.5%
I'm
48.5%
Don't
48.4%
Touch
48.2%
Never
48.2%
Easy
48.2%
Doubt
48%
Thing
47.4%
Best
47.3%
Understand
47%
Come
46.9%
So
46.6%
Lesson
46.4%
Than
45.5%
Gonna
45.5%
Call
45.2%
Exit
45.2%
Finally
44.6%
Thought
44.2%
Little
43.9%
Wake
43.8%
Learned
43.8%
Presence
43.7%
Bit
43.4%
Probably
43.2%
Or
43.1%
Or
43.1%
Stressin
42.9%
Smart
42.8%
A
42.7%
A
42.7%
Breathless
42.2%
Saying
41.9%
Bettin
40.6%
Thinkin
39.5%
Dumb
38.8%
Just
38.2%
Here
37.8%
Iggs
37.5%
Believe
37%
Biggie
36.4%
Playin
36.1%
Million
34.8%
Uh
34.3%
Stepping
31.1%
There's
31%
Listening
30.9%
You's
29.7%
Half
28.8%
Either
28.6%
Boo
22.7%
Knowin
22.2%
Quiz Playlist
Details
Report
Send in Message
Add To Playlist
More Info:
Type in the lyrics to Ariana Grande's Problem. You may write them into the quiz in any order you please!
Classic:
Type in answers that appear in a list
Quiz Source
Last Updated: Sep 26, 2018
Quiz Scoreboard
CHALLENGE
Sign Up to Join the Scoreboard
Show All
Scores
Hide
Comments
May contain spoilers
Recently Published
1-10 Letter E Words III
by El_Dandy
Language
2m
One Thing in Common: World Cities II
by knightlancer
Geography
7m
Popular People in 1961
by mucciniale
History
6m
More to Explore
Quiz From the Vault
Featured Blog Post
Where Did the Easter Bunny Come From?
hide this ad
You Might Also Like...
Tags
Lyrics Quiz
Ariana Grande
grande
problem
Today's Top Quizzes in Music
Browse Music
hide this ad
Today's Top Quizzes in Lyrics
Browse Lyrics
Top Contributed Quizzes in Music
1
Taylor Swift All Songs (2024)
2
Taylor Swift Logic Puzzle
3
2010s Album by Cover III
4
Guess the Taylor Swift song (Mystery Song)
5
One Thing in Common: Music
6
Guess the Artist- 70s Songs
7
2010s Album by Cover IV
8
2010s Album by Cover V
9
Get the Picture: Carrie or Dolly
10
Lana Del Rey Discography (BTD to DYKTTATUOB)
Explore More
Trending Topics
NBA
Harry Potter
Kpop
Anime
Crossword
Marvel
Disney
Soccer
Puzzle
The Office
Country
Pokémon
WWE
NFL
Song
hide this ad
More By:
Slaylor13
Quiz
Plays
Rating
Category
Featured
Created
'Problem' Lyrics- Ariana Grande
3,707
2.71
Music
May 31, 2014
Go to Creator's Profile
Score Distribution
Quiz Creator Spotlight
Slaylor13
Follow
Send a Message
Quizzes Created
-
Created Quiz Play Count
-
More By This Creator
Popular Quizzes Today
1
Find the US States - No Outlines Minefield
2
The Countries of the World
3
Popular People in 1961
4
Find the Countries of Europe - No Outlines Minefield
5
1-10 Letter E Words III
6
Find the US States
7
One Thing in Common: World Cities II
8
US States
More Music Quizzes
K-pop Girl Groups by Fandom Name (2)
Quiz Lab
Trending Quizzes
1-10 Letter F Words
1-10 Letter G Words
Risky Map Clicking: Next State Alphabetically
1-10 Letter F Words II
Risky Map Clicking: States by Unique Starting Letters
Recently Updated
Leaping Animals
pecheneg
Reality TV Shows (A-Z)
bhenderson79
Rickey Henderson's Hall of Fame Teammates
pecheneg
Champions League XIs: Arsenal
pecheneg
Quick Pick: Celebrities in WWE's Hall of Fame
aduchscher
A-Z Keypad Blitz II
pecheneg
Multiple Oscar Actors
pecheneg
Mystery Phrase Blitz: Oscar 'Best Actors'
pecheneg
F. Scott Fitzgerald Novels
LTH
Pick 3 Villains
ddd62291
Trending Topics
Crossword
Disney
Marvel
Kpop
Anime
NBA
Harry Potter
Soccer
WWE
Pokémon
Puzzle
NFL
Country
Song
The Office
Your Account Isn't Verified!
In order to create a playlist on Sporcle, you need to verify the email address you used during registration. Go to your
Sporcle Settings
to finish the process.
Report this User
Report this user for behavior that violates our
Community Guidelines
.
Details:
Send Report
Go to the Sporcle.com Mobile Site →
Comments